000 00882nam a22002055i 4500
001 159530
003 ES-MaACL
005 20251015063141.0
008 001228m18521853sp |||| | spa d
040 _aCCPB | B
_bspa
_cCCPB | B
100 1 _aMestres, Salvador,
_dm. 1879
_9129877
245 1 0 _aAño evangelico
_b: esplicacion [sic] de los Evangelios de los domingos, y coleccion de trozos de la Sagrada Escritura para todos los dias del año /
_cpor Salvador Mestres.
260 _aBarcelona :
_bimprenta y librería politécnica de Tomás Gorchs,
_c1852-1853.
300 _a4 v. ;
_c20 cm.
597 _aFe de erratas en t. IV.
597 1 _aVol. I (525 p.) -- Vo. II (632 p.) -- Vol. III (366 p.) -- Vol. IV (544 p.)
650 0 4 _aAño litúrgico.
_99903
852 _aES-MaACL
_jD-943-45
_z-- Enc. piel con hierros
_q-- Falto del t. I
999 _c159530
_d159530